000 00743nam a22001937a 4500
008 161026b xxu||||| |||| 00| 0 eng d
020 _a0691070997
020 _a0691074305
050 _aND 237 .H7A4 2001
100 _aContrads, Margaret C.
245 _aWinslow homer and the critics :
_bforging a national art in the 1870s/
260 _aAntlanta :
_bPrinceton University Press,
_c2001.
300 _axi, 252p. :
_bill. ;
_c30cm.
500 _aIncludes bibliography and index.
650 _aHomer, Winslow, 1836-1910
_xexhibitions.
650 _aHomer, Winslow, 1836-1910
_xcriticism and interpretation.
650 _aArt criticism
_xUnited States
_yhistory
_z19th century.
942 _2lcc
_cBOOKS
_hND 237 .H7A4 2001
999 _c15173
_d15173